| 000 | 00470nam a22001697a 4500 | ||
|---|---|---|---|
| 003 | mut | ||
| 005 | 20240606081207.0 | ||
| 008 | 170918b xxu||||| |||| 00| 0 eng d | ||
| 020 | _a0201602105 | ||
| 040 | _cmut | ||
| 050 |
_aQA184 _b.N67 1995 |
||
| 100 | _aNorman, Daniel | ||
| 245 |
_aIntroduction to linear algebra: _bfor science and engineering |
||
| 260 |
_aDon Mills, Ontario _bAddison-Wesley Publishers LTD _c1995 |
||
| 650 | _aAlgebras, Linear | ||
| 942 |
_2lcc _cBK |
||
| 999 |
_c11789 _d11789 |
||